[Event "Kiel Cup U20"]
[Site "Kiel"]
[Date "2012.10.05"]
[Round "5"]
[White "Beeck, Mats"]
[Black "Hansen, Fridolin"]
[Result "1-0"]
[WhiteElo "1794"]
[BlackElo "1478"]
[PlyCount "69"]
[EventDate "2012.10.??"]
[EventType "swiss"]
[EventRounds "7"]
[EventCountry "GER"]
[SourceTitle "EXT 2015"]
[Source "ChessBase"]
[SourceDate "2014.11.20"]
[SourceVersion "1"]
[SourceVersionDate "2014.11.20"]
[SourceQuality "1"]

1. c4 g6 2. Nc3 Bg7 3. g3 Nf6 4. Bg2 0-0 5. e4 e5 6. Nge2 c5 7. 0-0 d6 8. d3 Nc6 9. a3 a6 10. Rb1 Bd7 11. b4 cxb4 12. axb4 Na7 13. b5 axb5 14. cxb5 b6 15. h3 Qe8 16. Qb3 Be6 17. Qb4 Qd7 18. Kh2 Ne8 19. Be3 Nc8 20. f4 Ra5 21. Bxb6 Nxb6 22. Qxa5 Qc7 23. Rfc1 Qb8 24. Na4 Nxa4 25. Qxa4 Bd7 26. Qa5 exf4 27. Nxf4 f5 28. b6 g5 29. Qa7 Nf6 30. Qxb8 Rxb8 31. Nd5 Nxd5 32. exd5 Bd4 33. Rc7 Bxb6 34. Rxd7 Bg1+ 35. Rxg1 1-0

[Event "Kiel Cup U20"]
[Site "Kiel"]
[Date "2012.10.04"]
[Round "2"]
[White "Hansen, Fridolin"]
[Black "Rublack, Valentin"]
[Result "1-0"]
[WhiteElo "1478"]
[BlackElo "1719"]
[PlyCount "81"]
[EventDate "2012.10.??"]
[EventType "swiss"]
[EventRounds "7"]
[EventCountry "GER"]
[SourceTitle "EXT 2015"]
[Source "ChessBase"]
[SourceDate "2014.11.20"]
[SourceVersion "1"]
[SourceVersionDate "2014.11.20"]
[SourceQuality "1"]

1. e4 e5 2. f4 Nc6 3. Nf3 d6 4. Bc4 Bg4 5. 0-0 Nf6 6. h3 Bxf3 7. Qxf3 Nd4 8. Qd3 g6 9. c3 Nc6 10. f5 Bg7 11. fxg6 hxg6 12. Qc2 d5 13. exd5 Nxd5 14. Qb3 Na5 15. Qa4+ c6 16. Be2 Nf4 17. Bf3 Nd3 18. Na3 Qb6+ 19. Kh2 0-0-0 20. b4 e4 21. bxa5 Qc7+ 22. Kg1 exf3 23. Rxf3 Nxc1 24. Rxc1 Rxd2 25. Nc4 Rd5 26. Rd1 Rhd8 27. Rdf1 f5 28. Qb3 Qf7 29. Rb1 R8d7 30. Rff1 Qe7 31. Rfe1 Qd8 32. Kh1 Rb5 33. Qc2 Rxb1 34. Rxb1 Rd3 35. Qb3 Qd7 36. Nb2 Rxc3 37. Qg8+ Kc7 38. a6 Rc5 39. axb7 Kxb7 40. Na4+ Rb5 41. Rxb5+ 1-0